[Event "Lisbon Portugal rapid op"]
[Site "Lisbon"]
[Date "2018.02.10"]
[Round "3"]
[White "Lixa, Alberto JP"]
[Black "Nanques, Helder Manuel Perei"]
[Result "0-1"]
[WhiteElo "1249"]
[BlackElo "1912"]
[PlyCount "90"]
[EventDate "2018.02.10"]
[EventType "swiss (rapid)"]
[EventRounds "8"]
[EventCountry "POR"]
[SourceTitle "CBM 182 Extra"]
[Source "ChessBase"]
[SourceDate "2018.02.23"]
[SourceVersion "1"]
[SourceVersionDate "2018.02.23"]
[SourceQuality "1"]

1. e4 e6 2. d4 d5 3. Nd2 Nf6 4. e5 Nfd7 5. Bb5 c5 6. c3 Qb6 7. Be2 cxd4 8. cxd4 Qxd4 9. Ngf3 Qb6 10. 0-0 Be7 11. Nb3 Nc6 12. Bf4 0-0 13. Rb1 Qc7 14. Nbd4 Ncxe5 15. Bg3 Nxf3+ 16. Bxf3 Qb6 17. Qb3 Qxd4 18. Rbd1 Qb6 19. Qxb6 Nxb6 20. Be2 Bd7 21. f3 Rac8 22. Bf2 Bc5 23. Bxc5 Rxc5 24. Rd2 Rfc8 25. Rfd1 Rc2 26. Kf2 a6 27. Bd3 Rxd2+ 28. Rxd2 Nc4 29. Rc2 Ne5 30. Rxc8+ Bxc8 31. Bc2 Bd7 32. a4 Kf8 33. Ke3 Nc4+ 34. Kd4 Nxb2 35. h3 Nxa4 36. Bxa4 Bxa4 37. Kc3 a5 38. g4 b5 39. Kd4 b4 40. Kd3 e5 41. Kd2 Ke7 42. Kc1 Kd6 43. Kb2 Kc5 44. h4 Kc4 45. h5 h6 0-1

[Event "Lisbon Portugal op"]
[Site "Lisbon"]
[Date "2017.02.10"]
[Round "9"]
[White "Lixa, Alberto JP"]
[Black "Gordo, Bernardo"]
[Result "0-1"]
[WhiteElo "1262"]
[BlackElo "1707"]
[PlyCount "52"]
[EventDate "2017.02.04"]
[EventType "swiss"]
[EventRounds "9"]
[EventCountry "POR"]
[SourceTitle "CBM 176 Extra"]
[Source "ChessBase"]
[SourceDate "2017.03.02"]
[SourceVersion "1"]
[SourceVersionDate "2017.03.02"]
[SourceQuality "1"]

1. e4 d5 2. exd5 Nf6 3. c4 e6 4. dxe6 Bxe6 5. Nf3 Qe7 6. Qe2 Nc6 7. a3 0-0-0 8. Qe3 Ng4 9. Qe4 Na5 10. h3 Nf6 11. Qc2 Bf5+ 12. Be2 Bxc2 13. Nc3 Nb3 14. Ra2 Nxc1 15. 0-0 Nxe2+ 16. Nxe2 Qxe2 17. b4 Qxc4 18. Rc1 Qxa2 19. d4 Bd6 20. Ne5 Bxe5 21. dxe5 Rd1+ 22. Rxd1 Bxd1 23. exf6 gxf6 24. g3 Bf3 25. h4 Qb1+ 26. Kh2 Qh1# 0-1

[Event "IECC Swiss-555.2"]
[Site "IECC email"]
[Date "2011.07.23"]
[Round "?"]
[White "Lixa, Alberto JP"]
[Black "Basson, Heinrich"]
[Result "1-0"]
[WhiteElo "1685"]
[BlackElo "1618"]
[PlyCount "47"]
[EventDate "2011.??.??"]
[EventType "swiss (corr)"]
[EventRounds "1"]
[SourceTitle "Telechess CBM 165"]
[Source "ChessBase"]
[SourceDate "2015.03.11"]
[SourceVersion "1"]
[SourceVersionDate "2015.03.11"]
[SourceQuality "1"]
[WhiteTeam "Portugal"]
[BlackTeam "South Africa"]
[WhiteTeamCountry "POR"]
[BlackTeamCountry "RSA"]

1. e4 c6 2. Nc3 Nf6 3. d4 d5 4. e5 Ng4 5. h3 Nh6 6. Nf3 g6 7. Bf4 Nf5 8. Qd2 Nd7 9. Be2 Ng7 10. g4 b5 11. 0-0-0 b4 12. Na4 Qa5 13. b3 Ne6 14. Be3 Nb6 15. Nc5 Bg7 16. Nxe6 Bxe6 17. Ng5 Bd7 18. Kb1 f6 19. Nf3 0-0 20. Bf4 c5 21. dxc5 Qxc5 22. Be3 Qa5 23. Bd4 Rab8 24. exf6 1-0